000 00891cam a2200277 4500
001 M2295
008 090401t1996 xxu||||| |||| 00| 0 eng d
035 _a(Sirsi) u37662
041 _aeng
050 _a333.72
090 _aRICS 1996/115ABCD
110 _aRoyal Institution of Chartered Surveyors
_94900
245 _aLand, property, construction and the environment 1996 : a strategy for the environment.
260 _aLondon
_bRICS
_c1996
300 _aiii,28p. ; 30cm.
350 _a0
520 _aEnvironment strategy approved by the RICS General Council, July 1996.
650 _aABOUT RICS-RICS MEMBERS
650 _aENVIRONMENTAL STRATEGY
650 _aLAND PROPERTY CONSTRUCTION AND THE ENVIRONMENT 1996
650 _aPROPERTY LIFECYCLE
650 _aSUSTAINABLE DEVELOPMENT
690 _aENVIRONMENTAL AND LAND CONSULTANCY
942 _n0
948 _c04/03/1997
999 _c90516
_d90516